| 000 | 01482nam a2200241 a 4500 | ||
|---|---|---|---|
| 999 |
_c428957 _d428957 |
||
| 003 | BLK | ||
| 005 | 20240617105105.0 | ||
| 008 | 210818b bul|||||r ||||||| ||bul|| | ||
| 040 | _aBLK | ||
| 041 |
_aBUL _cBUL |
||
| 080 |
_aБългарска литература _b821.163.2 _x-1 _z821.163.2-1 |
||
| 100 | 1 |
_aМихайловски, Стоян Николов _gМихайловский, Стоян, 1856-1927; Михайловски, Ст., 1856-1927; Михайловски, 1856-1927; Де Профундис, 1856-1927 (псевдоним); Истров, Драгостин, 1856-1927 (псевдоним); Муслак, Драгостин Истров, 1856-1927 (псевдоним); Розенберг, Викентий, 1856-1927 (псевдоним); Рязков, Евгений, 1856-1927 (псевдоним); Стрелков, Ст., 1856-1927 (псевдоним); De Profundis, 1856-1927 (псевдоним); X.y.z., 1856-1927 (псевдоним) _d1856-1927 _997934 |
|
| 139 | _aМихайловский, Стоян Николов | ||
| 245 | 0 | 0 |
_aСъчинения _bТ. 1- _cСт. Михайловски _nТ. 1 |
| 260 |
_aСофия _bб. и. _c1918- _fСофия: Държ. печатница _9441842 |
||
| 300 | _c23 см | ||
| 380 | _aX | ||
| 760 |
_aМихайловский, Стоян Николов _dСофия, 1918 _h198 с. _oТ.1 |
||
| 852 |
_aЦб 8.230.2905 _bЦб |
||
| 942 |
_cKNG _n0 _s1 |
||
| 944 |
_aCR _c2021-08-18 _k30542 _lРусанова Ирена |
||
| 999 | _d428957 | ||